Toward the twenty-first century in Christian mission : (Record no. 10980)
[ view plain ]
| 000 -LEADER | |
|---|---|
| fixed length control field | 03108pam a2200385 i 4500 |
| 001 - CONTROL NUMBER | |
| control field | 26932285 |
| 003 - CONTROL NUMBER IDENTIFIER | |
| control field | OCoLC |
| 005 - DATE AND TIME OF LATEST TRANSACTION | |
| control field | 20221116100425.0 |
| 008 - FIXED-LENGTH DATA ELEMENTS--GENERAL INFORMATION | |
| fixed length control field | 921015s1992 miu b 010 0 eng |
| 010 ## - LIBRARY OF CONGRESS CONTROL NUMBER | |
| LC control number | 92039052 |
| 020 ## - INTERNATIONAL STANDARD BOOK NUMBER | |
| International Standard Book Number | 0802806384 |
| 035 ## - SYSTEM CONTROL NUMBER | |
| System control number | tcgc110938 |
| 040 ## - CATALOGING SOURCE | |
| Original cataloging agency | DLC |
| Language of cataloging | eng |
| Description conventions | rda |
| Transcribing agency | DLC |
| Modifying agency | GHS |
| -- | OCL |
| -- | MAL |
| 050 00 - LIBRARY OF CONGRESS CALL NUMBER | |
| Item number | P558P |
| 082 00 - DEWEY DECIMAL CLASSIFICATION NUMBER | |
| Classification number | 266/.001 |
| Edition number | 20 |
| Item number | P558P |
| 092 ## - LOCALLY ASSIGNED DEWEY CALL NUMBER (OCLC) | |
| Classification number | 266.001 |
| Item number | P558P |
| 245 00 - TITLE STATEMENT | |
| Title | Toward the twenty-first century in Christian mission : |
| Remainder of title | essays in honor of Gerald H. Anderson, director, Overseas Ministries Study Center, New Haven, Connecticut, editor, International bulletin of missionary research / |
| Statement of responsibility, etc. | edited by James M. Phillips and Robert T. Coote. |
| 263 ## - PROJECTED PUBLICATION DATE | |
| Projected publication date | 9301 |
| 264 #1 - PRODUCTION, PUBLICATION, DISTRIBUTION, MANUFACTURE, AND COPYRIGHT NOTICE | |
| Place of production, publication, distribution, manufacture | Grand Rapids, Mich. : |
| Name of producer, publisher, distributor, manufacturer | Eerdmans, |
| Date of production, publication, distribution, manufacture, or copyright notice | [1992] |
| 264 #4 - PRODUCTION, PUBLICATION, DISTRIBUTION, MANUFACTURE, AND COPYRIGHT NOTICE | |
| Date of production, publication, distribution, manufacture, or copyright notice | ©1992 |
| 300 ## - PHYSICAL DESCRIPTION | |
| Extent | x, 400 pages ; |
| Dimensions | 23 cm |
| 336 ## - CONTENT TYPE | |
| Content type term | text |
| Content type code | txt |
| Source | rdacontent |
| 337 ## - MEDIA TYPE | |
| Media type term | unmediated |
| Media type code | n |
| Source | rdamedia |
| 338 ## - CARRIER TYPE | |
| Carrier type term | volume |
| Carrier type code | nc |
| Source | rdacarrier |
| 504 ## - BIBLIOGRAPHY, ETC. NOTE | |
| Bibliography, etc. note | Includes bibliographical references. |
| 505 0# - FORMATTED CONTENTS NOTE | |
| Formatted contents note | Evangelical missions / Arthur F. Glasser -- Conciliar missions / Eugene L. Stockwell -- Roman Catholic missions / Mary Motte -- Pentecostal and charismatic missions / Gary B. McGee -- Southern Asia / Saphir P. Athyal -- Commonwealth of Independent States (CIS) / J. Martin Bailey -- Africa / Lamin Sanneh -- North America / Keith R. Crim -- Oceania / Darrell L. Whiteman -- Latin America / Samuel Escobar -- Northeast Asia / Yoshinobu Kumazawa -- Europe / Peter Kuzmic -- Middle East / Norman A. Horner -- Reflections on Biblical models of mission / David J. Bosch -- Mission theology / James A. Scherer -- Spiritual formation for mission / Barbara Hendricks and Thomas E. Clarke -- Mission strategies / Wilbert R. Shenk -- Contextualization in mission / Donald R. Jacobs -- Forming indigenous theologies / Tite Tiénou -- Popular religions / Paul G. Hiebert -- The teaching of missions / Alan Neely -- Women in mission / Ruth A. Tucker -- Mission and the problem of affluence / Jonathan J. Bonk -- Mission and social justice : an American dilemma / William E. Pannell -- Urban mission / Harvie M. Conn -- Christian dialogues with other faiths / Charles W. Forman -- Christian-Muslim relations / David A. Kerr -- Church-state relations and mission / Norman E. Thomas -- Gerald H. Anderson : a career dedicated to mission / Robert T. Coote -- A select bibliography of the works of Gerald H. Anderson from 1958 to 1993.. |
| 650 #0 - SUBJECT ADDED ENTRY--TOPICAL TERM | |
| Topical term or geographic name entry element | Missions |
| General subdivision | Theory. |
| Authority record control number or standard number | https://id.loc.gov/authorities/subjects/sh85086053 |
| 650 #0 - SUBJECT ADDED ENTRY--TOPICAL TERM | |
| Topical term or geographic name entry element | Missions |
| General subdivision | History |
| Authority record control number or standard number | https://id.loc.gov/authorities/subjects/sh85086042 |
| Chronological subdivision | 20th century. |
| Authority record control number or standard number | https://id.loc.gov/authorities/subjects/sh2002012476 |
| 655 #7 - INDEX TERM--GENRE/FORM | |
| Genre/form data or focus term | Festschriften. |
| Source of term | lcgft |
| Authority record control number or standard number | https://id.loc.gov/authorities/genreForms/gf2016026082 |
| 700 1# - ADDED ENTRY--PERSONAL NAME | |
| Personal name | Anderson, Gerald H. |
| Authority record control number or standard number | https://id.loc.gov/authorities/names/n50021903 |
| 700 1# - ADDED ENTRY--PERSONAL NAME | |
| Personal name | Phillips, James M., |
| Dates associated with a name | 1929- |
| Authority record control number or standard number | https://id.loc.gov/authorities/names/n80129600 |
| 700 1# - ADDED ENTRY--PERSONAL NAME | |
| Personal name | Coote, Robert T., |
| Dates associated with a name | 1932- |
| Authority record control number or standard number | https://id.loc.gov/authorities/names/n79060902 |
| 740 0# - ADDED ENTRY--UNCONTROLLED RELATED/ANALYTICAL TITLE | |
| Uncontrolled related/analytical title | Toward the 21st century in Christian mission. |
| 942 ## - ADDED ENTRY ELEMENTS (KOHA) | |
| Source of classification or shelving scheme | Dewey Decimal Classification |
| Koha item type | Books |
| Withdrawn status | Lost status | Source of classification or shelving scheme | Damaged status | Not for loan | Collection code | Home library | Current library | Shelving location | Date acquired | Full call number | Barcode | Date last seen | Price effective from | Koha item type |
|---|---|---|---|---|---|---|---|---|---|---|---|---|---|---|
| Dewey Decimal Classification | Non-fiction | Harvest Mission College | Harvest Mission College | General Stacks | 29.11.2022 | 266.01 P558P | 012853 | 29.11.2022 | 29.11.2022 | Books |
